000 00361nam a2200133 i 4500
001 bg
100 1 _aJARZĘBOWSKI, Władysław
245 0 _aProblemy spiętrzeń naprężeń w elementach precyzyjnych /
_cWładysław Jarzębowski.
260 _aWarszawa,
_c1978.
040 _cBPK
041 _apol
942 _cKS
008 s pl f |000 0 pol
999 _c18110
_d18110
856 _uhttp://koha.tu.koszalin.pl/cgi-bin/koha/opac-detail.pl?biblionumber=18110
_yKatalog online BPK